| 000 | 00428cam a22001571 4500 | ||
|---|---|---|---|
| 082 |
_a770.2 _bQUA |
||
| 100 | 1 |
_aQuarles, Gilford Godfrey, _945996 |
|
| 245 | 0 | 0 | _aElementary photography. |
| 250 | _a2d ed. | ||
| 260 |
_aNew York, _bMcGraw-Hill Book Co., _c1948. |
||
| 300 |
_axii, 345 p. _billus. _c24 cm. |
||
| 526 |
_a0 _b0 _c0 _d770_200000000000000_QUA |
||
| 650 | 0 |
_aMCE _9379 |
|
| 650 | 0 |
_aPhotography _97891 |
|
| 942 |
_2ddc _cBK |
||
| 999 |
_c549364 _d549364 |
||